[Event "GER-chT U20"]
[Site "Osnabrueck"]
[Date "2011.12.28"]
[Round "4.3"]
[White "Doberitz, Paul"]
[Black "Kelbling, Philipp"]
[Result "1/2-1/2"]
[WhiteElo "2184"]
[BlackElo "2129"]
[PlyCount "46"]
[EventDate "2011.12.27"]
[EventType "team-swiss"]
[EventRounds "7"]
[EventCountry "GER"]
[SourceTitle "CBM 146 Extra"]
[Source "ChessBase"]
[SourceDate "2012.02.29"]
[SourceVersion "1"]
[SourceVersionDate "2012.02.29"]
[SourceQuality "1"]
[WhiteTeam "Hamburger SK"]
[BlackTeam "Bochum 31"]
[WhiteTeamCountry "GER"]
[BlackTeamCountry "GER"]

1. e4 c5 2. Nf3 e6 3. d4 cxd4 4. Nxd4 Nf6 5. Nc3 Nc6 6. Ndb5 Bb4 7. a3 Bxc3+ 8. Nxc3 d5 9. exd5 exd5 10. Bd3 d4 11. Ne2 0-0 12. 0-0 Bg4 13. Bg5 Re8 14. Re1 Bh5 15. Qd2 Bg6 16. Bb5 Qb6 17. Bxc6 bxc6 18. Bxf6 gxf6 19. b4 Rad8 20. Nf4 Rxe1+ 21. Rxe1 c5 22. c4 dxc3 23. Qxc3 cxb4 1/2-1/2

[Event "NRW Class1 1011"]
[Site "Germany"]
[Date "2011.01.09"]
[Round "5.7"]
[White "Kelbling, Philipp"]
[Black "Peschel, Andreas"]
[Result "1-0"]
[WhiteElo "2132"]
[BlackElo "2187"]
[PlyCount "143"]
[EventDate "2010.09.26"]
[EventType "team-tourn"]
[EventRounds "9"]
[EventCountry "GER"]
[SourceTitle "EXT 2012"]
[Source "ChessBase"]
[SourceDate "2011.11.24"]
[SourceVersion "1"]
[SourceVersionDate "2011.11.24"]
[SourceQuality "1"]
[WhiteTeam "Bochum II"]
[BlackTeam "Solingen III"]
[WhiteTeamCountry "GER"]
[BlackTeamCountry "GER"]

1. e4 g6 2. d4 Bg7 3. Nc3 c6 4. Nf3 d5 5. h3 dxe4 6. Nxe4 Nd7 7. Bd3 Ngf6 8. Nxf6+ Nxf6 9. 0-0 0-0 10. Re1 Qc7 11. c3 b6 12. Qe2 e6 13. Bg5 Nd5 14. Qd2 f6 15. Bh4 Nf4 16. Bg3 e5 17. Bxf4 exf4 18. Re4 Bh6 19. Rae1 Bd7 20. Qc2 Rae8 21. Qb3+ Kh8 22. Rxe8 Rxe8 23. Qf7 Rf8 24. Qe7 Qd8 25. Bc4 b5 26. Bb3 Bg7 27. Qd6 Re8 28. Rxe8+ Qxe8 29. Qxf4 a5 30. a4 h5 31. Qc7 g5 32. axb5 cxb5 33. Bd5 a4 34. Qd6 Bf5 35. Bc6 Qe2 36. Qb8+ Kh7 37. Qxb5 Qd1+ 38. Kh2 Bc2 39. Bd7 Qb1 40. c4 Bd3 41. h4 Bf8 42. Qd5 Bg6 43. hxg5 Qxb2 44. Bxa4 Qxf2 45. Qe6 fxg5 46. Nxg5+ Kg7 47. Nf3 h4 48. c5 Qg3+ 49. Kh1 Kh7 50. Bb3 Bd3 51. Qf7+ Bg7 52. Qh5+ Bh6 53. Qxh4 Qxh4+ 54. Nxh4 Be3 55. c6 Bf4 56. Nf3 Bc7 57. Kg1 Kg7 58. Kf2 Be4 59. d5 Kf6 60. Ke3 Bg6 61. Kd4 Bg3 62. Kc5 Ke7 63. Bc4 Be4 64. Kd4 Bh7 65. Bd3 Bf2+ 66. Kc4 Bg8 67. Nd4 Kd6 68. Be4 Ke5 69. Bf3 Kf6 70. Nb5 Bh7 71. c7 Bf5 72. Nd6 1-0

[Event "GER-chT U20"]
[Site "Osnabrueck"]
[Date "2010.12.28"]
[Round "4.3"]
[White "Raider, Eugen"]
[Black "Kelbling, Philipp"]
[Result "0-1"]
[WhiteElo "1984"]
[BlackElo "2112"]
[PlyCount "120"]
[EventDate "2010.12.27"]
[EventType "team-swiss"]
[EventRounds "7"]
[EventCountry "GER"]
[SourceTitle "CBM 140 Extra"]
[Source "ChessBase"]
[SourceDate "2011.03.01"]
[SourceVersion "1"]
[SourceVersionDate "2011.03.01"]
[SourceQuality "1"]
[WhiteTeam "Koenigsspringer"]
[BlackTeam "Bochum"]
[WhiteTeamCountry "GER"]
[BlackTeamCountry "GER"]

1. e4 c5 2. a3 e6 3. b4 cxb4 4. axb4 d5 5. e5 g6 6. d4 f6 7. f4 fxe5 8. fxe5 Qh4+ 9. g3 Qe4+ 10. Kf2 Nh6 11. Nf3 Ng4+ 12. Kg2 Ne3+ 13. Bxe3 Qxe3 14. c3 Be7 15. Bd3 Nd7 16. Na3 0-0 17. h4 Qh6 18. Qe2 a6 19. Raf1 b5 20. g4 Rf4 21. Kg3 Rf8 22. g5 Qg7 23. h5 Rf5 24. hxg6 hxg6 25. Bxf5 exf5 26. Ra1 Rb8 27. Kf4 Nf8 28. Rag1 Ne6+ 29. Ke3 Bd7 30. Qh2 Rc8 31. Kd2 a5 32. Nc2 a4 33. Qg2 Nf8 34. Rh6 Kf7 35. Rgh1 Be6 36. Qh2 Ke8 37. Rh8 Kd7 38. Na3 Kc6 39. Qe2 Rb8 40. Ke3 Rb7 41. Qh2 Qf7 42. Nc2 Kb6 43. Rc1 Rc7 44. Na3 Qe8 45. Qg1 Qc8 46. Rh1 Rxc3+ 47. Kf4 Rxc1 48. Qxc1 Qxc1+ 49. Rxc1 Bxb4 50. Nb1 Bd7 51. Nc3 Bxc3 52. Rxc3 b4 53. Rc1 b3 54. Ke3 b2 55. Rb1 a3 56. Ne1 Ka5 57. Nc2 f4+ 58. Kxf4 Bf5 59. Nxa3 Bxb1 60. Nxb1 Ne6+ 0-1

[Event "NRW Class1 1011"]
[Site "Germany"]
[Date "2010.12.19"]
[Round "4.7"]
[White "Weyrauch, Erich"]
[Black "Kelbling, Philipp"]
[Result "0-1"]
[WhiteElo "2199"]
[BlackElo "2132"]
[PlyCount "82"]
[EventDate "2010.09.26"]
[EventType "team-tourn"]
[EventRounds "9"]
[EventCountry "GER"]
[SourceTitle "EXT 2012"]
[Source "ChessBase"]
[SourceDate "2011.11.24"]
[SourceVersion "1"]
[SourceVersionDate "2011.11.24"]
[SourceQuality "1"]
[WhiteTeam "Letmathe"]
[BlackTeam "Bochum II"]
[WhiteTeamCountry "GER"]
[BlackTeamCountry "GER"]

1. d4 Nf6 2. c4 e6 3. Nc3 Bb4 4. Qc2 0-0 5. Nf3 d5 6. e3 c5 7. a3 cxd4 8. axb4 dxc3 9. bxc3 Qc7 10. c5 b6 11. cxb6 Qxb6 12. Bb2 Nbd7 13. Be2 Bb7 14. 0-0 Rfc8 15. Ra4 a5 16. b5 Nc5 17. Rh4 Nce4 18. Bd3 g5 19. Rh6 Kg7 20. Rxf6 Nxf6 21. Nxg5 e5 22. Bxh7 Rh8 23. Bf5 Rh5 24. Nf3 e4 25. Nd4 Qd6 26. h3 Qe5 27. f4 Qc7 28. Qf2 Bc8 29. Qg3+ Kh8 30. Bxc8 Rxc8 31. c4 Rg8 32. Ne6 fxe6 33. Bxf6+ Kh7 34. Bg5 Rgxg5 35. Qf2 Rg7 36. cxd5 exd5 37. Kh2 Rh6 38. Qd2 Qc4 39. Rd1 Qxb5 40. Qa2 Qc4 41. Qxa5 Rxg2+ 0-1

[Event "Ruhrgebiet Regionalliga 0910"]
[Site "Germany"]
[Date "2010.03.14"]
[Round "8.4"]
[White "Prueske, Wolfgang"]
[Black "Kelbling, Philipp"]
[Result "1/2-1/2"]
[WhiteElo "2086"]
[BlackElo "2124"]
[PlyCount "52"]
[EventDate "2009.09.06"]
[EventType "team-tourn"]
[EventRounds "9"]
[EventCountry "GER"]
[SourceTitle "EXT 2011"]
[Source "ChessBase"]
[SourceDate "2010.11.26"]
[SourceVersion "1"]
[SourceVersionDate "2010.11.26"]
[SourceQuality "1"]
[WhiteTeam "Dortmund Hansa III"]
[BlackTeam "Bochum SG III"]
[WhiteTeamCountry "GER"]
[BlackTeamCountry "GER"]

1. e4 c5 2. c3 d6 3. Nf3 Nf6 4. Bd3 g6 5. 0-0 Nc6 6. Bc2 Bg7 7. h3 0-0 8. d4 cxd4 9. cxd4 d5 10. e5 Ne4 11. Nc3 Nxc3 12. bxc3 Qc7 13. Rb1 Na5 14. Bd2 Bd7 15. Qe2 Rac8 16. Bd3 a6 17. Nh4 b5 18. f4 e6 19. g4 f6 20. exf6 Bxf6 21. Ng2 Bg7 22. h4 Nc4 23. Be1 Nd6 24. Bd2 Nc4 25. Be1 Nd6 26. Bd2 Nc4 1/2-1/2

[Event "Ruhrgebiet Regionalliga 0910"]
[Site "Germany"]
[Date "2010.02.07"]
[Round "6.5"]
[White "Bartel, Mario"]
[Black "Kelbling, Philipp"]
[Result "0-1"]
[WhiteElo "2143"]
[BlackElo "2124"]
[PlyCount "104"]
[EventDate "2009.09.06"]
[EventType "team-tourn"]
[EventRounds "9"]
[EventCountry "GER"]
[SourceTitle "EXT 2011"]
[Source "ChessBase"]
[SourceDate "2010.11.26"]
[SourceVersion "1"]
[SourceVersionDate "2010.11.26"]
[SourceQuality "1"]
[WhiteTeam "Wattenscheid III"]
[BlackTeam "Bochum SG III"]
[WhiteTeamCountry "GER"]
[BlackTeamCountry "GER"]

1. e4 e6 2. d4 d5 3. Nd2 dxe4 4. Nxe4 Nd7 5. Nf3 Ngf6 6. Nxf6+ Nxf6 7. Bg5 Be7 8. Bd3 0-0 9. Qe2 c5 10. dxc5 Qa5+ 11. c3 Qxc5 12. Qc2 h6 13. Be3 Qc7 14. Bd4 Nd7 15. Qe2 Bf6 16. Qe4 g6 17. Bxf6 Nxf6 18. Qh4 Kg7 19. 0-0-0 b6 20. Rhe1 Bb7 21. Ne5 Rfd8 22. f4 Qc5 23. g4 Nd5 24. Nxf7 Kxf7 25. Qxh6 Rg8 26. Qh7+ Rg7 27. Bxg6+ Kf8 28. Qh8+ Rg8 29. Qh6+ Rg7 30. Rxe6 Kg8 31. Rde1 Rf8 32. f5 Nxc3 33. Bf7+ Rfxf7 34. Re8+ Rf8 35. Rxf8+ Qxf8 36. bxc3 Bd5 37. Qd2 Bc4 38. h3 b5 39. Kb1 Re7 40. Qg5+ Rg7 41. Qf4 Qa3 42. Qd2 Qf8 43. Re5 Qf6 44. Qe3 Qa6 45. Re8+ Kh7 46. Qf2 Qf6 47. Qe3 Qa6 48. Qf2 Qf6 49. Ra8 Bd3+ 50. Kb2 b4 51. Qe1 bxc3+ 52. Kc1 Qg5+ 0-1

[Event "GER-chT U20"]
[Site "Chemnitz"]
[Date "2009.12.29"]
[Round "6.6"]
[White "Kelbling, Philipp"]
[Black "Gruenke, Paul"]
[Result "1-0"]
[WhiteElo "2116"]
[BlackElo "2107"]
[PlyCount "49"]
[EventDate "2009.12.27"]
[EventType "team-swiss"]
[EventRounds "7"]
[EventCountry "GER"]
[SourceTitle "EXT 2022"]
[Source "ChessBase"]
[SourceDate "2021.10.06"]
[SourceVersion "1"]
[SourceVersionDate "2021.10.06"]
[SourceQuality "1"]
[WhiteTeam "Bochum SG 1931 U20"]
[BlackTeam "Dillingen U20"]
[WhiteTeamCountry "GER"]
[BlackTeamCountry "GER"]

1. e4 c5 2. Nf3 d6 3. d4 cxd4 4. Nxd4 Nf6 5. Nc3 a6 6. Bg5 e6 7. f4 Be7 8. Qf3 h6 9. Bh4 g5 10. fxg5 Nfd7 11. Nxe6 fxe6 12. Qh5+ Kf8 13. Bb5 Rh7 14. 0-0+ Kg8 15. g6 Rg7 16. Rf7 Bxh4 17. Qxh6 Rxf7 18. gxf7+ Kxf7 19. Rf1+ Bf6 20. e5 Qf8 21. Qh5+ Ke7 22. Bxd7 Bxd7 23. Rxf6 Qg7 24. Qh4 Ke8 25. Ne4 1-0

[Event "GER-chT DLM U20"]
[Site "Wismar"]
[Date "2009.10.03"]
[Round "6"]
[White "Kelbling, Philipp"]
[Black "Guennigmann, Manuel"]
[Result "0-1"]
[WhiteElo "2116"]
[BlackElo "2158"]
[PlyCount "142"]
[EventDate "2009.09.30"]
[EventType "team-swiss"]
[EventRounds "7"]
[EventCountry "GER"]
[SourceTitle "CBM 132 Extra"]
[Source "ChessBase"]
[SourceDate "2009.11.03"]
[SourceVersion "1"]
[SourceVersionDate "2009.11.03"]
[SourceQuality "1"]
[WhiteTeam "Nordrhein Westfalen U20"]
[BlackTeam "Niedersachsen U20"]
[WhiteTeamCountry "GER"]
[BlackTeamCountry "GER"]

1. Nf3 Nf6 2. g3 g6 3. b3 Bg7 4. Bb2 0-0 5. Bg2 d5 6. c4 c6 7. 0-0 Nbd7 8. d3 Re8 9. Nbd2 e5 10. cxd5 cxd5 11. e4 d4 12. Nc4 Bf8 13. a4 Qc7 14. Ba3 Bxa3 15. Nxa3 Nb8 16. b4 Bg4 17. Qb3 Qe7 18. Nd2 Nc6 19. Rab1 Be6 20. Ndc4 Nd7 21. a5 f6 22. Rfc1 Rec8 23. Qa4 Nd8 24. Bf3 Nf7 25. Bd1 f5 26. Nd2 Nf6 27. Bf3 Ng5 28. Bg2 fxe4 29. Nxe4 Nfxe4 30. dxe4 Nh3+ 31. Bxh3 Bxh3 32. Qb3+ Be6 33. Qd3 Rxc1+ 34. Rxc1 Qxb4 35. a6 bxa6 36. Qxa6 Qb6 37. Qa4 Qb7 38. Rc6 Bf7 39. f3 Rd8 40. Qa5 Qxc6 41. Qxd8+ Kg7 42. Qe7 Qf6 43. Qxf6+ Kxf6 44. Kf2 g5 45. Ke2 a6 46. Kd3 Be8 47. f4 gxf4 48. gxf4 exf4 49. Kxd4 Bb5 50. Nb1 f3 51. Ke3 Be2 52. Nc3 Ke5 53. Na4 a5 54. Nc3 Kd6 55. Na4 Kc6 56. Nc3 Kc5 57. Nb1 Kb4 58. Kd2 a4 59. Ke3 a3 60. Nxa3 Kxa3 61. e5 Kb4 62. e6 Kc5 63. e7 Bb5 64. Kxf3 Kd6 65. Kf4 Kxe7 66. Kg5 Kf7 67. Kf5 h6 68. Kf4 Kg6 69. Kg4 Bd7+ 70. Kh4 Bc8 71. Kg3 Kg5 0-1

[Event "GER-chT DLM U20"]
[Site "Wismar"]
[Date "2009.09.30"]
[Round "2"]
[White "Kelbling, Philipp"]
[Black "Pogan, Nikolas"]
[Result "1-0"]
[WhiteElo "2116"]
[BlackElo "2069"]
[PlyCount "58"]
[EventDate "2009.09.30"]
[EventType "team-swiss"]
[EventRounds "7"]
[EventCountry "GER"]
[SourceTitle "CBM 132 Extra"]
[Source "ChessBase"]
[SourceDate "2009.11.03"]
[SourceVersion "1"]
[SourceVersionDate "2009.11.03"]
[SourceQuality "1"]
[WhiteTeam "Nordrhein Westfalen U20"]
[BlackTeam "Wuerttemberg U20"]
[WhiteTeamCountry "GER"]
[BlackTeamCountry "GER"]

1. d4 d5 2. c4 c6 3. Nf3 Nf6 4. Nc3 e6 5. cxd5 exd5 6. Bg5 Bd6 7. Qc2 Nbd7 8. e3 Qa5 9. Bd3 h6 10. Bh4 0-0 11. 0-0 a6 12. a3 Qc7 13. Rfc1 b5 14. e4 Bf4 15. e5 Bxc1 16. Rxc1 g5 17. Bg3 Qb7 18. exf6 Nxf6 19. Be5 Qe7 20. Ne2 Bd7 21. Ng3 Rfc8 22. Nf5 Bxf5 23. Bxf5 Nd7 24. Re1 f6 25. Bxd7 Qxd7 26. Bxf6 Qf7 27. Re7 Qxf6 28. Qh7+ Kf8 29. Ne5 Re8 1-0

[Event "Dortmund op"]
[Site "Dortmund"]
[Date "2009.07.04"]
[Round "1"]
[White "Kelbling, Philipp"]
[Black "Saltaev, Mihail"]
[Result "1/2-1/2"]
[WhiteElo "2080"]
[BlackElo "2505"]
[PlyCount "95"]
[EventDate "2009.07.04"]
[EventType "swiss"]
[EventRounds "9"]
[EventCountry "GER"]
[SourceTitle "CBM 131 Extra"]
[Source "ChessBase"]
[SourceDate "2009.09.03"]
[SourceVersion "2"]
[SourceVersionDate "2009.09.16"]
[SourceQuality "1"]

1. e4 c6 2. d4 d5 3. Nc3 dxe4 4. Nxe4 Bf5 5. Ng3 Bg6 6. h4 h6 7. Nf3 Nd7 8. h5 Bh7 9. Bd3 Bxd3 10. Qxd3 e6 11. Bf4 Qa5+ 12. Bd2 Qb6 13. 0-0-0 Ngf6 14. Kb1 Be7 15. Rhe1 Rd8 16. c4 0-0 17. Bc3 Bb4 18. Bxb4 Qxb4 19. a3 Qa5 20. Qd2 Qa6 21. Qc3 Nb6 22. Rc1 Na4 23. Qc2 c5 24. b3 Nb6 25. Qb2 Nbd7 26. Red1 b5 27. Ka2 Rb8 28. Qe2 bxc4 29. Qxc4 Qb7 30. dxc5 Nxc5 31. b4 Nce4 32. Nxe4 Nxe4 33. Ne5 Rbc8 34. Nc6 Nf6 35. Qc5 Rc7 36. g4 Nd5 37. b5 Rfc8 38. g5 hxg5 39. Rxd5 exd5 40. Qxd5 Qb6 41. Ne7+ Kh8 42. Nxc8 Qxf2+ 43. Kb1 Rxc1+ 44. Kxc1 Qg1+ 45. Kc2 Qf2+ 46. Kc1 Qg1+ 47. Kc2 Qf2+ 48. Kc1 1/2-1/2

[Event "GER-ch Net final U18"]
[Site "Playchess.com INT"]
[Date "2009.06.21"]
[Round "5"]
[White "Graf, Felix"]
[Black "Kelbling, Philipp"]
[Result "1/2-1/2"]
[WhiteElo "2300"]
[BlackElo "2072"]
[PlyCount "76"]
[EventDate "2009.06.21"]
[EventType "swiss (blitz)"]
[EventRounds "9"]
[EventCountry "GER"]
[SourceTitle "CBM 130 Extra"]
[Source "ChessBase"]
[SourceDate "2009.07.02"]
[SourceVersion "2"]
[SourceVersionDate "2009.07.15"]
[SourceQuality "1"]

1. d4 Nf6 2. c4 e6 3. Nf3 d5 4. Nc3 Be7 5. cxd5 exd5 6. Bg5 0-0 7. e3 c6 8. Bd3 Nbd7 9. Qc2 Re8 10. h3 Nf8 11. Bf4 a5 12. 0-0-0 b5 13. Kb1 a4 14. Ne5 Bb7 15. g4 Qa5 16. Ne2 b4 17. Qd2 Qb6 18. Ng3 c5 19. dxc5 Bxc5 20. g5 Ne4 21. Nxe4 dxe4 22. Bc4 Ne6 23. Nd7 Qc6 24. Nxc5 Nxc5 25. Qd6 Nd3 26. Qxc6 Bxc6 27. Rhf1 a3 28. Bxd3 exd3 29. f3 Bb5 30. Rf2 Rac8 31. e4 Rc6 32. Rc1 Rec8 33. Rxc6 Rxc6 34. bxa3 bxa3 35. Bc1 Ra6 36. Rd2 Bc4 37. f4 Kf8 38. h4 Ke7 1/2-1/2

[Event "GER-ch U18"]
[Site "Willingen"]
[Date "2009.06.05"]
[Round "8"]
[White "Kelbling, Philipp"]
[Black "Hirschberg, Valerian"]
[Result "1-0"]
[WhiteElo "2072"]
[BlackElo "2079"]
[PlyCount "151"]
[EventDate "2009.05.30"]
[EventType "swiss"]
[EventRounds "9"]
[EventCountry "GER"]
[SourceTitle "CBM 130 Extra"]
[Source "ChessBase"]
[SourceDate "2009.07.02"]
[SourceVersion "2"]
[SourceVersionDate "2009.07.15"]
[SourceQuality "1"]

1. d4 d5 2. c4 dxc4 3. Nf3 a6 4. e3 e6 5. Bxc4 Nf6 6. 0-0 c5 7. Bb3 cxd4 8. exd4 Nc6 9. Nc3 Be7 10. Bg5 0-0 11. Qd2 h6 12. Bf4 Re8 13. Rad1 Bf8 14. a3 Ne7 15. Bc2 Ned5 16. Be5 Bd7 17. Qd3 g6 18. Bxf6 Nxf6 19. Ne5 Bg7 20. Qf3 Bc6 21. Nxc6 bxc6 22. Ba4 Re7 23. Bxc6 Rb8 24. Rd2 Qd6 25. Rfd1 Rc7 26. Be4 a5 27. h3 Rb3 28. Qe2 Nxe4 29. Nxe4 Qd5 30. Rc2 Rxc2 31. Qxc2 Rb8 32. Rd2 f5 33. Qc7 Rb7 34. Qc8+ Kh7 35. Nc3 Qb3 36. Qc5 Qb6 37. Qc4 Rc7 38. Qa4 Qa6 39. d5 Rc4 40. Qd7 exd5 41. Rxd5 Qb6 42. Rd6 Qxb2 43. Qe6 Qc1+ 44. Nd1 Rc8 45. Qxg6+ Kh8 46. Rd7 Qa1 47. Qxf5 Re8 48. Qxa5 Re5 49. Qd2 Qb1 50. a4 Qf5 51. Ne3 Qb1+ 52. Kh2 Qe4 53. Ng4 Rh5 54. Rd8+ Kh7 55. Qd3 Qxd3 56. Rxd3 Ra5 57. Ra3 Kg6 58. Ra2 h5 59. Ne3 h4 60. Nf1 Kf5 61. g3 Bh6 62. Kg2 Ke4 63. Nh2 Kd3 64. Nf3 hxg3 65. fxg3 Kc3 66. h4 Kb3 67. Re2 Rxa4 68. Kh3 Kc3 69. g4 Kd3 70. Re8 Be3 71. g5 Ke2 72. Ne5 Re4 73. g6 Bh6 74. Re7 Bf8 75. Rf7 Bh6 76. Ng4 1-0

[Event "GER-ch U18"]
[Site "Willingen"]
[Date "2009.06.01"]
[Round "3"]
[White "Meissner, Felix"]
[Black "Kelbling, Philipp"]
[Result "0-1"]
[WhiteElo "2131"]
[BlackElo "2072"]
[PlyCount "114"]
[EventDate "2009.05.30"]
[EventType "swiss"]
[EventRounds "9"]
[EventCountry "GER"]
[SourceTitle "CBM 130 Extra"]
[Source "ChessBase"]
[SourceDate "2009.07.02"]
[SourceVersion "2"]
[SourceVersionDate "2009.07.15"]
[SourceQuality "1"]

1. e4 c5 2. Nf3 e6 3. d4 cxd4 4. Nxd4 a6 5. c4 Nf6 6. Nc3 Qc7 7. Nc2 b6 8. Bd3 Bb7 9. Qe2 d6 10. f4 Nbd7 11. b4 b5 12. Bb2 bxc4 13. Bxc4 Be7 14. 0-0 0-0 15. Bb3 Rac8 16. Rac1 Nb6 17. Nd4 Qb8 18. a3 Qa8 19. Rfe1 Rfd8 20. Kh1 Rc7 21. Rcd1 Rdc8 22. e5 dxe5 23. fxe5 Nfd5 24. Nxd5 Nxd5 25. Qg4 Kh8 26. Rd3 Nc3 27. Rf1 Bf8 28. Rh3 h6 29. Rd3 Ne4 30. h3 Rd7 31. Re3 Nd2 32. Rf2 Nxb3 33. Rxb3 Bd5 34. Rd3 Rdc7 35. Rd1 Qb7 36. Rdf1 a5 37. bxa5 Kg8 38. Qd1 Bc5 39. Qd2 Rd7 40. Qf4 Rcd8 41. Kh2 Qa7 42. Rd1 Qxa5 43. Rfd2 Qb6 44. h4 Ra8 45. Qg3 Rad8 46. Kh1 Bb7 47. Nf5 exf5 48. e6 Qxb2 49. Rxd7 Rf8 50. e7 Re8 51. Rd8 Bc6 52. Rxe8+ Bxe8 53. Qe1 Kh7 54. Rd8 Bc6 55. Qf1 Qb3 56. Qd3 Qe6 57. Qd2 Qxe7 0-1

[Event "GER-ch Net qual2 U18"]
[Site "Playchess.com INT"]
[Date "2009.05.13"]
[Round "7"]
[White "Kelbling, Philipp"]
[Black "Kartsev, Alexandr"]
[Result "1-0"]
[WhiteElo "2072"]
[BlackElo "2074"]
[PlyCount "99"]
[EventDate "2009.05.13"]
[EventType "swiss (blitz)"]
[EventRounds "7"]
[EventCountry "GER"]
[SourceTitle "CBM 130 Extra"]
[Source "ChessBase"]
[SourceDate "2009.07.02"]
[SourceVersion "2"]
[SourceVersionDate "2009.07.15"]
[SourceQuality "1"]

1. e4 d5 2. exd5 Nf6 3. Nc3 Nxd5 4. Nf3 Bg4 5. Be2 e6 6. 0-0 Be7 7. h3 Bh5 8. d4 0-0 9. Nxd5 Qxd5 10. c4 Qd8 11. Be3 Nd7 12. Qb3 b6 13. Rfd1 Qc8 14. Qb5 Bg6 15. Qc6 Nf6 16. Bf4 Bd8 17. d5 Be4 18. Ng5 exd5 19. cxd5 Nxd5 20. Rxd5 Bxg5 21. Bxg5 Bxd5 22. Qxd5 c6 23. Qb3 Qf5 24. Be3 c5 25. Bd3 Qf6 26. Rc1 Rac8 27. Rc4 Rfd8 28. Rf4 Qe6 29. Bc4 Qe5 30. Rxf7 Kh8 31. Rxa7 b5 32. Bxb5 c4 33. Bxc4 Rxc4 34. Qxc4 Rd1+ 35. Qf1 Rxf1+ 36. Kxf1 h6 37. b3 Qb5+ 38. Kg1 Qe5 39. a4 Kh7 40. a5 Qa1+ 41. Kh2 Qe5+ 42. g3 h5 43. h4 Qb5 44. Bd4 Kg6 45. Rxg7+ Kh6 46. Rg5 Qxb3 47. a6 Qa4 48. Be3 Kh7 49. a7 Kh6 50. Ra5+ 1-0

[Event "GER-ch Net qual2 U18"]
[Site "Playchess.com INT"]
[Date "2009.05.13"]
[Round "5"]
[White "Kelbling, Philipp"]
[Black "Titgemeyer, Sven"]
[Result "1-0"]
[WhiteElo "2072"]
[BlackElo "1935"]
[PlyCount "59"]
[EventDate "2009.05.13"]
[EventType "swiss (blitz)"]
[EventRounds "7"]
[EventCountry "GER"]
[SourceTitle "CBM 130 Extra"]
[Source "ChessBase"]
[SourceDate "2009.07.02"]
[SourceVersion "2"]
[SourceVersionDate "2009.07.15"]
[SourceQuality "1"]

1. e4 e5 2. Nf3 Nc6 3. Bb5 a6 4. Ba4 Nf6 5. 0-0 Be7 6. Re1 b5 7. Bb3 0-0 8. d3 d6 9. h3 Bb7 10. Nbd2 a5 11. c3 Bc8 12. Nf1 Be6 13. Bxe6 fxe6 14. Qb3 Qd7 15. Qxb5 Rfb8 16. Qa4 Nd8 17. Qxd7 Nxd7 18. d4 exd4 19. cxd4 Nc6 20. Ng3 Nb4 21. Re2 c5 22. a3 Nd3 23. Bg5 Kf7 24. Bxe7 Kxe7 25. Rb1 c4 26. Rc2 c3 27. Rxc3 Nxb2 28. d5 Nc5 29. Nd4 exd5 30. Nc6+ 1-0

[Event "Unna op"]
[Site "Unna"]
[Date "2008.12.29"]
[Round "6"]
[White "Torres Kuckel, Rafael"]
[Black "Kelbling, Philipp"]
[Result "1/2-1/2"]
[WhiteElo "2248"]
[BlackElo "2072"]
[PlyCount "44"]
[EventDate "2008.12.27"]
[EventType "swiss"]
[EventRounds "7"]
[EventCountry "GER"]
[SourceTitle "CBM 128 Extra"]
[Source "ChessBase"]
[SourceDate "2009.03.05"]
[SourceVersion "2"]
[SourceVersionDate "2009.03.25"]
[SourceQuality "1"]

1. e4 c5 2. Nf3 e6 3. d4 cxd4 4. Nxd4 Nf6 5. Bd3 Nc6 6. Nxc6 bxc6 7. 0-0 d5 8. exd5 cxd5 9. b3 Bd6 10. Bb2 0-0 11. Re1 Re8 12. c4 dxc4 13. Bxc4 Bb4 14. Nc3 Qxd1 15. Rexd1 Bb7 16. a3 Be7 17. b4 Rac8 18. Bb3 a6 19. Na4 Bd5 20. Bxd5 Nxd5 21. Rac1 a5 22. bxa5 Ra8 1/2-1/2